ბათუმის შოთა რუსთაველის სახელმწიფო უნივერსიტეტის ბიბლიოთეკა

მეტეოროლოგიის საფუძვლები (ბიბ.ჩანაწერი № 34832)

000 -LEADER
fixed length control field 00752nam a2200229Ia 4500
001 - CONTROL NUMBER
control field 643
003 - CONTROL NUMBER IDENTIFIER
control field GE_BSU
008 - FIXED-LENGTH DATA ELEMENTS--GENERAL INFORMATION
fixed length control field 181216s||||||||xx |||||||||||||| ||und||
020 ## - INTERNATIONAL STANDARD BOOK NUMBER
International Standard Book Number 5511004669
040 ## - CATALOGING SOURCE
Transcribing agency GE_BSU
080 ## - UNIVERSAL DECIMAL CLASSIFICATION NUMBER
Universal Decimal Classification number 551.5(075.8)
100 ## - MAIN ENTRY--PERSONAL NAME
Personal name კოტარია, ა.
245 ## - TITLE STATEMENT
Title მეტეოროლოგიის საფუძვლები
245 ## - TITLE STATEMENT
Statement of responsibility, etc. რედ.ა.ხანთაძე;მ.ზახაშვილი
260 ## - PUBLICATION, DISTRIBUTION, ETC.
Place of publication, distribution, etc. თბილისი
260 ## - PUBLICATION, DISTRIBUTION, ETC.
Name of publisher, distributor, etc. თბილისის უნივერსიტეტის გამ–ბა
260 ## - PUBLICATION, DISTRIBUTION, ETC.
Date of publication, distribution, etc. 1992
300 ## - PHYSICAL DESCRIPTION
Extent 446გვ.
653 ## - INDEX TERM--UNCONTROLLED
Uncontrolled term მეტეოროლოგიის საფუძვლები
942 ## - ADDED ENTRY ELEMENTS (KOHA)
Koha item type წიგნი
ეგზემპლარები
Withdrawn status Lost status Damaged status Not for loan Date acquired Barcode Date last seen Price effective from Koha item type
        2018-12-17 1941 2018-12-17 2018-12-17 წიგნი